| 000 | 00641nam a2200229Ia 4500 | ||
|---|---|---|---|
| 008 | 180523s9999 xx 000 0 und d | ||
| 020 | _a1-59139-436-8 | ||
| 050 | _aMAIN HD 62.5 | ||
| 050 | _b.E58 2004 | ||
| 100 | _aLuecke, Richard | ||
| 245 | 0 | _aEntrepreneur's toolkit : | |
| 245 | 0 | _btools and techniques to launch and grow your new business / | |
| 260 | _aBoston, MA : | ||
| 260 | _bHarvard Business School Press, | ||
| 260 | _c2004 | ||
| 300 | _a258 pages : | ||
| 300 | _billustrations ; | ||
| 300 | _c23 cm. | ||
| 440 | _aHarvard Business Essentials | ||
| 500 | _aIncludes index. | ||
| 650 | _aNew business enterprise. | ||
| 999 |
_c356943 _d356943 |
||